000 00572cab a2200217 4500
001 ABS40681
008 090401t1989 xxu||||| |||| 00| 0 eng d
035 _a(Sirsi) u25445
041 _aeng
100 _aBailey, A.
245 4 _aThe pitfalls of the pleasure dome
260 _c1989
350 _a0
490 _aDirector
_vApril 1989, 33-35(2)
520 _aReviews activity in the leisure market and prospects for investment .
650 _aDEVELOPMENT
650 _aTHEME PARKS
690 _aPROPERTY LAW AND PRACTICE
942 _n0
948 _c04/03/1997
999 _c17089
_d17089